La Calle de la amargura: la juventud entre la búsqueda y la exclusión

Tallennettuna:
Bibliografiset tiedot
Päätekijä: Saavedra, Paulina
Aineistotyyppi: Teksti
Julkaistu: San José: Universidad de Costa Rica. Instituto de Investigaciones Psicológicas
Aiheet:
Tagit: Lisää tagi
Ei tageja, Lisää ensimmäinen tagi!

MARC

LEADER 00000 a a2200000 04500
001 32732
003
040
090 |a 203700  
100 |a Saavedra, Paulina  
245 |a La Calle de la amargura: la juventud entre la búsqueda y la exclusión  
260 |a San José:   |b Universidad de Costa Rica. Instituto de Investigaciones Psicológicas  
300 |a 9 p.  
650 |a JUVENTUD URBANA  
650 |a OCIO  
650 |a DESCONTENTO DE LOS JOVENES  
650 |a VIDA COTIDIANA  
650 |a COSTA RICA  
999 |c 3024  |d 3024